<?xml version="1.0" encoding="UTF-8"?>
<record
    xmlns:xsi="http://www.w3.org/2001/XMLSchema-instance"
    xsi:schemaLocation="http://www.loc.gov/MARC21/slim http://www.loc.gov/standards/marcxml/schema/MARC21slim.xsd"
    xmlns="http://www.loc.gov/MARC21/slim">

  <leader>00817nam a22001457a 4500</leader>
  <controlfield tag="008">230721b        |||||||| |||| 00| 0 eng d</controlfield>
  <datafield tag="040" ind1=" " ind2=" ">
    <subfield code="a">National Science Library</subfield>
    <subfield code="c">National Science Library</subfield>
  </datafield>
  <datafield tag="080" ind1=" " ind2=" ">
    <subfield code="a">576.8(05)</subfield>
  </datafield>
  <datafield tag="245" ind1=" " ind2=" ">
    <subfield code="a">Annual review of microbiolgy </subfield>
  </datafield>
  <datafield tag="260" ind1=" " ind2=" ">
    <subfield code="a">Palo Alto: </subfield>
    <subfield code="b">Annual Review Inc, </subfield>
    <subfield code="c">1983</subfield>
  </datafield>
  <datafield tag="500" ind1=" " ind2=" ">
    <subfield code="a">Vol. 24 (Annual review of microbiolgy) ix, 624p.
Vol. 33 (Annual review of microbiolgy) , 701p.
Vol. 20 (Annual review of microbiolgy) vii, 557p.
Vol. 37 (Annual review of microbiolgy) viii, 676p.
Vol. 38 (Annual review of microbiolgy) x, 613p.
Vol. 18 (Annual review of microbiolgy) vii, 394p.
Vol. 22 (Annual review of microbiolgy) vii, 596p.
Vol. 40 (Annual review of microbiolgy) x, 712p.

</subfield>
  </datafield>
  <datafield tag="650" ind1=" " ind2=" ">
    <subfield code="a">Biological </subfield>
  </datafield>
  <datafield tag="700" ind1=" " ind2=" ">
    <subfield code="a">Ornston, L Nicholas (Ed.) </subfield>
  </datafield>
  <datafield tag="942" ind1=" " ind2=" ">
    <subfield code="c">BK</subfield>
    <subfield code="2">udc</subfield>
  </datafield>
  <datafield tag="999" ind1=" " ind2=" ">
    <subfield code="c">54822</subfield>
    <subfield code="d">54822</subfield>
  </datafield>
  <datafield tag="952" ind1=" " ind2=" ">
    <subfield code="0">0</subfield>
    <subfield code="1">0</subfield>
    <subfield code="2">udc</subfield>
    <subfield code="4">0</subfield>
    <subfield code="6">576805</subfield>
    <subfield code="7">0</subfield>
    <subfield code="9">94040</subfield>
    <subfield code="a">NSL</subfield>
    <subfield code="b">NSL</subfield>
    <subfield code="c">FF/Rk-47/C-1/R-2</subfield>
    <subfield code="d">1984-02-27</subfield>
    <subfield code="h"> Vol. 37 (Annual review of microbiolgy) viii, 676p.</subfield>
    <subfield code="l">0</subfield>
    <subfield code="o">576.8(05)</subfield>
    <subfield code="p">107247</subfield>
    <subfield code="r">2023-07-24 00:00:00</subfield>
    <subfield code="w">1984-02-27</subfield>
    <subfield code="y">BK</subfield>
  </datafield>
</record>
